| 000 | 01568nam a2200265 a 4500 | ||
|---|---|---|---|
| 008 | 111003s2004 ||||||||||||||||| || u | ||
| 020 | _a007243810X | ||
| 050 | _aQM 25 Ede | ||
| 100 | _aKaminsky, Shari Lewis | ||
| 245 | 1 | 0 |
_aLaboratory atlas of anatomy and physiology.-- 4th ed. _cDouglas J. Eder, Shari Lewis Kaminsky, John W. Bertram; revision contributions by John R. Waters, Bruce D. Wingerd |
| 250 | _a4th ed. | ||
| 260 |
_aBoston _bMcGraw-Hill _c2004 |
||
| 300 | _avi, 182p.: ill. | ||
| 350 | _a0.00 | ||
| 650 | _aHUMAN ANATOMY--ATLASES | ||
| 650 | 3 | _aANATOMY | |
| 650 | _aHUMAN PHYSIOLOGY--ATLASES | ||
| 700 | _aEder, Douglas J | ||
| 700 | _aBertram, John W | ||
| 995 |
_aMEDICAL LIBRARY OPEN ACCESS _D0.00 _e901369 _FCBU-SCHOOL OF MEDICINE LIBRARY (Ndola) _H1 _I0.00 _jREF.QM 25 EDE _M3 _UAVAILABLE _WOct 3, 2011 _y901369 _ZReference Collection |
||
| 995 |
_aMEDICAL LIBRARY OPEN ACCESS _D0.00 _e901367 _FCBU-SCHOOL OF MEDICINE LIBRARY (Ndola) _H1 _I0.00 _jREF.QM 25 EDE _M1 _UAVAILABLE _WOct 3, 2011 _y901367 _ZReference Collection |
||
| 995 |
_aMEDICAL LIBRARY OPEN ACCESS _D0.00 _e901368 _FCBU-SCHOOL OF MEDICINE LIBRARY (Ndola) _H1 _I0.00 _jREF.QM 25 EDE _M2 _UAVAILABLE _WOct 3, 2011 _y901368 _ZReference Collection |
||
| 995 |
_aMEDICAL LIBRARY OPEN ACCESS _D0.00 _e901370 _FCBU-SCHOOL OF MEDICINE LIBRARY (Ndola) _H1 _I0.00 _jREF.QM 25 EDE _M4 _UAVAILABLE _WOct 3, 2011 _y901370 _ZReference Collection |
||
| 995 |
_aMEDICAL LIBRARY OPEN ACCESS _D0.00 _e901371 _FCBU-SCHOOL OF MEDICINE LIBRARY (Ndola) _H1 _I0.00 _jREF.QM 25 EDE _M5 _UAVAILABLE _WOct 3, 2011 _y901371 _ZReference Collection |
||
| 999 |
_c64326 _d64326 |
||